al-Ḥaḍārah al-Bīzanṭīyah /

محفوظ في:

المؤلف الرئيسي: Runciman, Steven, 1903-2000 (مؤلف)

مؤلفون آخرون: Jāwīd, ʿAbd al-ʿAzīz Tawfīq.

التنسيق: كتاب

اللغة: Arabic

منشور في: Qahirah : Maktabat al-Nahdah al-Arabiyah, 1961.

الطبعة: al-Ṭabʻah 2.

الموضوعات:

الوسوم: إضافة وسم

لا توجد وسوم, كن أول من يضع وسما على هذه التسجيلة!

رقم الطلب: DF531 .R683 1961

LEADER 01254nam a2200277Ia 4500
003 OSt
005 20230302135244.0
008 130303s1961 ua b g b 001 0 ara d
952 |0 0  |1 0  |2 lcc  |4 0  |6 DF0531 R683 01961  |7 1  |9 45675  |a ARCE  |b ARCE  |d 2023-03-02  |l 0  |o DF531 .R683 1961  |p 1022457  |r 2023-03-02 00:00:00  |w 2023-03-02  |y BK 
999 |c 27773  |d 27773 
040 |c ARCE Library 
043 |a mm----- 
050 4 |a DF531 .R683 1961 
100 1 |a Runciman, Steven,  |d 1903-2000,  |e author  |9 38786 
240 1 0 |a Byzantine civilization.  |l Arabic 
245 1 3 |6 880-02  |a al-Ḥaḍārah al-Bīzanṭīyah /  |c taʾlīf Steven Runciman ; tarjamat ʻAbd al-ʻAzīz Tawfīq Jāwīd. 
250 |a al-Ṭabʻah 2. 
264 1 |a Qahirah :   |b Maktabat al-Nahdah al-Arabiyah,   |c 1961. 
300 |a 404 pages :   |b maps ;   |c 25 cm. 
500 |a Translation of : Byzantine civilization. 
504 |a Includes bibliographical references and index. 
651 0 |a Byzantine Empire  |x Civilization. 
700 1 |a Jāwīd, ʿAbd al-ʿAzīz Tawfīq. 
880 1 2 |6 245-02/(3/r  |a الحضارة البيزنطية   |c تأليف ستيفن رنسيمان ؛ ترجمة عبد العزيز توفيق جاويد.‪‪‪‪‪‪‪‪‪‪‪‪‪‪‪‪‪ 
901 |a reviewed 
942 |c BK  |2 lcc